000
00257nam a2200109Ia 4500
008
220216s9999 xx 000 0 und d
100
_a
Sasidharan K K
245
0
_a
Rubberum medical uthpannangalum
260
_b
Rubber
_c
2007
300
_a
24-25
942
_c
BS
999
_c
51402
_d
51402